[Event "PRVA LIGA CENTRALNE SRBIJE 2015"]
[Site "Kragujevac"]
[Date "2015.09.05"]
[Round "1.1"]
[White "Ninov, Nikolai"]
[Black "Colovic, Dusan"]
[Result "1-0"]
[WhiteElo "2436"]
[BlackElo "2375"]
[PlyCount "45"]
[EventDate "2015.09.05"]

1. e4 d6 2. d4 Nf6 3. Nc3 g6 4. f4 Bg7 5. Nf3 O-O 6. Be3 b6 7. e5 Ng4 8. Bg1 c5
9. d5 dxe5 10. h3 e4 11. hxg4 exf3 12. Qxf3 Qd7 13. Be2 Bb7 14. O-O-O Na6 15.
Bb5 Qc8 16. Qh3 h6 17. f5 g5 18. d6 Qd8 19. Bxa6 Bxa6 20. dxe7 Qxe7 21. Nd5 Qe5
22. f6 Bxf6 23. Bd4 1-0

[Event "PRVA LIGA CENTRALNE SRBIJE 2015"]
[Site "Kragujevac"]
[Date "2015.09.05"]
[Round "1.1"]
[White "Jevdjovic, Milorad"]
[Black "Ostojic, Nikola"]
[Result "0-1"]
[WhiteElo "2290"]
[BlackElo "2420"]
[PlyCount "58"]
[EventDate "2015.09.05"]

1. e4 c5 2. Nf3 Nc6 3. g3 e5 4. Bg2 g6 5. O-O Bg7 6. d3 Nge7 7. Be3 d6 8. Qc1
O-O 9. Bh6 Nd4 10. Nxd4 cxd4 11. Bxg7 Kxg7 12. Nd2 Be6 13. Nf3 Rc8 14. Qd2 Nc6
15. Ng5 Bd7 16. f4 f6 17. Nf3 Qb6 18. Kh1 Qxb2 19. Rab1 Qxa2 20. Rxb7 Rfd8 21.
Rfb1 a5 22. R7b2 Qa4 23. c3 dxc3 24. Qxc3 Nb4 25. Qb3 Qxb3 26. Rxb3 Ba4 27. Ra3
Bc2 28. Rb2 Nxd3 29. Rxa5 Nxb2 0-1

[Event "PRVA LIGA CENTRALNE SRBIJE 2015"]
[Site "Kragujevac"]
[Date "2015.09.05"]
[Round "1.1"]
[White "Lukovic, Vladimir"]
[Black "Kiproski, Branislav"]
[Result "1-0"]
[WhiteElo "2438"]
[BlackElo "2240"]
[PlyCount "93"]
[EventDate "2015.09.05"]

1. e4 d6 2. d4 Nf6 3. Nc3 e5 4. Nf3 Nbd7 5. a4 Be7 6. Bc4 O-O 7. O-O c6 8. Ba2
b6 9. Qe2 a6 10. Rd1 Qc7 11. Bg5 Kh8 12. d5 c5 13. Nd2 Ng8 14. Be3 Bf6 15. Rab1
g6 16. Nc4 Rb8 17. b4 b5 18. bxc5 bxc4 19. Rxb8 Nxb8 20. c6 Ne7 21. Qxc4 Kg7
22. Qb4 a5 23. Qa3 Ba6 24. Rb1 Nc8 25. Qb3 Nxc6 26. dxc6 Qxc6 27. Qa3 Bc4 28.
Bxc4 Qxc4 29. Qb3 Qxb3 30. cxb3 Bd8 31. Nb5 Kf6 32. Rc1 Nb6 33. Nxd6 Nd7 34.
Rc8 Ke6 35. Nc4 f5 36. exf5+ gxf5 37. Bd2 Be7 38. Rxf8 Bxf8 39. Bxa5 Nc5 40.
Bb4 Be7 41. Bxc5 Bxc5 42. Kf1 Kd5 43. Ke2 Kd4 44. a5 e4 45. a6 Kc3 46. Na5 f4
47. f3 1-0

[Event "PRVA LIGA CENTRALNE SRBIJE 2015"]
[Site "Kragujevac"]
[Date "2015.09.05"]
[Round "1.1"]
[White "Baralic, Nebojsa"]
[Black "Ilic, Dragan M"]
[Result "1-0"]
[WhiteElo "2244"]
[BlackElo "2354"]
[PlyCount "115"]
[EventDate "2015.09.05"]

1. c4 e6 2. Nc3 f5 3. d4 Nf6 4. a3 d5 5. Bg5 c6 6. e3 Bd6 7. Nf3 O-O 8. Bd3 Qe8
9. Bf4 Be7 10. Qc2 Ne4 11. Bxe4 fxe4 12. Ne5 Nd7 13. O-O Bd6 14. Ng6 Qxg6 15.
Bxd6 Rf5 16. c5 Nf6 17. f3 Rxf3 18. Rxf3 exf3 19. Qxg6 f2+ 20. Kxf2 hxg6 21.
Kf3 g5 22. e4 dxe4+ 23. Nxe4 g4+ 24. Kf4 Nd5+ 25. Kg3 Bd7 26. Re1 b5 27. Nf2 a5
28. Nxg4 Nf6 29. Ne5 Be8 30. Kh4 Rc8 31. g4 Kh7 32. g5 Nd7 33. g6+ Kh6 34. Nxd7
Bxd7 35. Rg1 e5 36. Rg5 Be8 37. Bxe5 Bxg6 38. Kg4 Rf8 39. Bf4 Kh7 40. d5 cxd5
41. Rxd5 Rf6 42. Be5 Re6 43. Kf4 Be8 44. Rd6 Rg6 45. Rxg6 Kxg6 46. Bc3 Kf7 47.
Ke5 Ke7 48. Kd5 g6 49. Bxa5 Bd7 50. c6 Bh3 51. Kc5 Bf1 52. Bc7 Be2 53. b3 Bf1
54. a4 bxa4 55. bxa4 Ke6 56. a5 Be2 57. Bd6 Bf1 58. Bg3 1-0

[Event "PRVA LIGA CENTRALNE SRBIJE 2015"]
[Site "Kragujevac"]
[Date "2015.09.05"]
[Round "1.1"]
[White "Panic, Nenad"]
[Black "Sevic, Slobodan"]
[Result "1-0"]
[WhiteElo "2352"]
[BlackElo "2144"]
[PlyCount "77"]
[EventDate "2015.09.05"]

1. b3 Nf6 2. Bb2 d6 3. c4 g6 4. g3 Bg7 5. Bg2 O-O 6. Nc3 c6 7. e4 e5 8. Nge2
Be6 9. d4 Qc7 10. O-O Nbd7 11. d5 cxd5 12. cxd5 Bg4 13. f3 Bh5 14. Qd2 g5 15.
Qxg5 Bg6 16. Qe3 a6 17. Rac1 Qd8 18. Bh3 h5 19. Ba3 Ne8 20. Rc2 b5 21. Nd1 Kh7
22. Kg2 Bh6 23. Qd3 Rb8 24. Ne3 b4 25. Bc1 Nc5 26. Qc4 Ng7 27. Bd2 a5 28. Nc1
f5 29. exf5 Rxf5 30. Nxf5 Nxf5 31. Bxf5 Bxf5 32. Bxh6 Bxc2 33. Qxc2+ Kxh6 34.
Nd3 Qg5 35. Nxc5 Rc8 36. h4 Qe3 37. Qc1 Qxc1 38. Rxc1 dxc5 39. d6 1-0

[Event "PRVA LIGA CENTRALNE SRBIJE 2015"]
[Site "Kragujevac"]
[Date "2015.09.05"]
[Round "1.1"]
[White "Puaca, Goran"]
[Black "Zivkovic, Vladislav"]
[Result "1/2-1/2"]
[WhiteElo "2147"]
[BlackElo "2177"]
[PlyCount "20"]
[EventDate "2015.09.05"]

1. d4 d5 2. c4 e6 3. Nc3 c5 4. e3 Nf6 5. Nf3 Nc6 6. Be2 cxd4 7. exd4 Ne4 8.
cxd5 Nxc3 9. bxc3 exd5 10. O-O Be7 1/2-1/2

[Event "PRVA LIGA CENTRALNE SRBIJE 2015"]
[Site "Kragujevac"]
[Date "2015.09.05"]
[Round "1.2"]
[White "Zajic, Milan"]
[Black "Ristic, Nenad"]
[Result "1-0"]
[WhiteElo "2472"]
[BlackElo "2440"]
[PlyCount "119"]
[EventDate "2015.09.05"]

1. e4 c5 2. Nf3 d6 3. d4 cxd4 4. Qxd4 Nc6 5. Bb5 Bd7 6. Qd3 Nf6 7. c4 Ne5 8.
Nxe5 dxe5 9. Be3 Bxb5 10. Qxd8+ Kxd8 11. cxb5 Nxe4 12. O-O e6 13. Rd1+ Ke8 14.
f3 Bc5 15. Re1 Bb4 16. Rc1 Nf6 17. Bxa7 Ke7 18. Bf2 Rhc8 19. Nc3 Bxc3 20. Rxc3
Rxc3 21. bxc3 Ra4 22. c4 Rxc4 23. a4 Nd5 24. a5 Rc8 25. a6 b6 26. Rd1 Nc3 27.
Re1 Nxb5 28. Bxb6 Ra8 29. Rxe5 Nd6 30. Ra5 Nc4 31. Bc5+ Kd7 32. Ra4 Ne5 33. Bd4
Kd6 34. f4 Nd3 35. Bxg7 Nc5 36. Ra5 Nxa6 37. Rh5 Nc5 38. Be5+ Kd5 39. Bf6+ Kc4
40. Rxh7 Ra7 41. h4 Ne4 42. Be5 Rb7 43. Kh2 Nf2 44. Kg3 Ne4+ 45. Kh2 Nf2 46.
Rg7 Kd5 47. h5 Rb3 48. h6 Rb1 49. g3 Ke4 50. Kg2 Nd1 51. h7 Ne3+ 52. Kh2 Nf1+
53. Kh3 Ne3 54. Kh4 Rh1+ 55. Kg5 f6+ 56. Kxf6 Nf5 57. g4 Ne3 58. Kf7 Rh4 59.
Kxe6 Nxg4 60. Rxg4 1-0

[Event "PRVA LIGA CENTRALNE SRBIJE 2015"]
[Site "Kragujevac"]
[Date "2015.09.05"]
[Round "1.2"]
[White "Ristic, Nebojsa M"]
[Black "Radovanovic, Nikola"]
[Result "1-0"]
[WhiteElo "2374"]
[BlackElo "2407"]
[PlyCount "137"]
[EventDate "2015.09.05"]

1. d4 Nf6 2. c4 g6 3. Nc3 Bg7 4. e4 d6 5. f4 O-O 6. Nf3 c5 7. d5 e6 8. Be2 exd5
9. cxd5 Re8 10. Nd2 b6 11. O-O Ba6 12. Re1 Bxe2 13. Rxe2 a6 14. Nf3 Nbd7 15. e5
dxe5 16. fxe5 Ng4 17. Bg5 Qc8 18. e6 fxe6 19. Rxe6 Nde5 20. Nxe5 Nxe5 21. Rxe8+
Qxe8 22. d6 Qe6 23. Qd5 Qxd5 24. Nxd5 Nf7 25. Be7 Bd4+ 26. Kf1 Nxd6 27. Nc7 Rc8
28. Bxd6 Rd8 29. Bg3 Bxb2 30. Rb1 Rd2 31. Nxa6 Kg7 32. a4 g5 33. a5 bxa5 34.
Nxc5 h5 35. Nb3 Rc2 36. Nxa5 h4 37. Bf2 Kg6 38. Nc4 Bc1 39. Ne5+ Kf5 40. Nf3
Kg4 41. h3+ Kh5 42. Rb5 Kg6 43. Rb6+ Kh5 44. Ra6 Bf4 45. Re6 Rc1+ 46. Re1 Rc3
47. Ne5 Rb3 48. Ng4 Kg6 49. Re6+ Kf5 50. Rb6 Rc3 51. Ke2 Ra3 52. Rb5+ Kg6 53.
Be3 Bxe3 54. Nxe3 Ra2+ 55. Kf3 Ra3 56. Rb4 Kh5 57. Ke4 Ra2 58. Rc4 Rf2 59. Rc6
Ra2 60. Kf3 Ra5 61. Kf2 Ra2+ 62. Rc2 Ra4 63. Ng4 Ra6 64. Ne5 Ra5 65. Re2 Ra3
66. Nf3 Ra6 67. Re5 Rg6 68. Ke3 Kh6 69. Rxg5 1-0

[Event "PRVA LIGA CENTRALNE SRBIJE 2015"]
[Site "Kragujevac"]
[Date "2015.09.05"]
[Round "1.2"]
[White "Dezelin, Milan"]
[Black "Radovanovic, Mihajlo"]
[Result "1-0"]
[WhiteElo "2261"]
[BlackElo "2421"]
[PlyCount "149"]
[EventDate "2015.09.05"]

1. Nf3 c5 2. e3 Nc6 3. b3 Nf6 4. Bb2 d5 5. Bb5 Qc7 6. Ne5 e6 7. O-O Bd6 8. f4
O-O 9. Bxc6 bxc6 10. d3 Nd7 11. Qh5 f6 12. Ng4 Nb6 13. Nd2 Bd7 14. Qh4 Be8 15.
Qg3 Nd7 16. e4 Bg6 17. e5 fxe5 18. fxe5 Be7 19. Ne3 Rae8 20. a4 Qb8 21. Nf3 Bd8
22. Kh1 Bc7 23. Rae1 Bh5 24. Ng4 Bxg4 25. Qxg4 d4 26. Qe4 Nxe5 27. Ng5 Ng6 28.
Qg4 Bxh2 29. Qh5 h6 30. Rxf8+ Nxf8 31. Qf7+ Kh8 32. Ne4 Bc7 33. Nxc5 Qd8 34.
Kg1 Qh4 35. Re4 Qh2+ 36. Kf2 Rc8 37. Bxd4 e5 38. Be3 Bd6 39. Rg4 Rc7 40. Qe8
Kg8 41. Ke2 Rf7 42. Kd2 Qh5 43. Qc8 Rc7 44. Ne4 Kh7 45. Ng3 Qh2 46. Qf5+ g6 47.
Qe4 Rf7 48. Ne2 Qh1 49. Rh4 Qa1 50. Bxh6 Kg8 51. Bxf8 Kxf8 52. Qxc6 Qa3 53.
Qa8+ Ke7 54. Qxa7+ Ke6 55. Qa6 Kf5 56. Qc8+ Kg5 57. Qg4+ Kf6 58. Rh6 Bb4+ 59.
c3 Qb2+ 60. Ke3 Bc5+ 61. Ke4 Ke7 62. Rxg6 Qxb3 63. Qg5+ Kd7 64. Qxe5 Qxa4+ 65.
Nd4 Re7 66. Rg7 Qa8+ 67. Kf5 Qf8+ 68. Kg6 Qe8+ 69. Kh7 Kd8 70. Qb8+ Kd7 71.
Qb7+ Kd8 72. Nc6+ Qxc6 73. Qxc6 Rxg7+ 74. Kxg7 Bf8+ 75. Kf7 1-0

[Event "PRVA LIGA CENTRALNE SRBIJE 2015"]
[Site "Kragujevac"]
[Date "2015.09.05"]
[Round "1.2"]
[White "Todorovic, Goran N"]
[Black "Djordjevic, Vuk"]
[Result "1/2-1/2"]
[WhiteElo "2378"]
[BlackElo "2209"]
[PlyCount "63"]
[EventDate "2015.09.05"]

1. c4 e5 2. Nc3 Nc6 3. Nf3 g6 4. d4 exd4 5. Nxd4 Bg7 6. Nxc6 bxc6 7. g3 Ne7 8.
Bg2 O-O 9. O-O Rb8 10. Qa4 a6 11. Qc2 d6 12. Bd2 c5 13. Rab1 Bf5 14. Be4 Qd7
15. Bxf5 Nxf5 16. e3 Ne7 17. b3 Rfe8 18. Rbd1 Qf5 19. Qxf5 Nxf5 20. Na4 Ne7 21.
Ba5 Rb7 22. Kg2 Nc6 23. Bd2 Nb4 24. Bxb4 Rxb4 25. Rd3 Rbb8 26. g4 Re4 27. f3
Re7 28. Kf2 Rbe8 29. Re1 Bf6 30. Re2 h6 31. Nc3 Bxc3 32. Rxc3 1/2-1/2

[Event "PRVA LIGA CENTRALNE SRBIJE 2015"]
[Site "Kragujevac"]
[Date "2015.09.05"]
[Round "1.2"]
[White "Gajic, Mladen"]
[Black "Stankovic, Dragan P"]
[Result "1-0"]
[WhiteElo "2253"]
[BlackElo "2254"]
[PlyCount "79"]
[EventDate "2015.09.05"]

1. e4 c5 2. c3 Nf6 3. e5 Nd5 4. Bc4 e6 5. Nf3 Nc6 6. O-O Nb6 7. Bb3 d5 8. exd6
Bxd6 9. d4 Be7 10. dxc5 Qxd1 11. Rxd1 Nd7 12. Bc2 Nxc5 13. b4 Nd7 14. a3 Nb6
15. Bb3 Bd7 16. a4 Bf6 17. Ra2 Ne7 18. a5 Nbd5 19. Bd2 Ng6 20. c4 Ndf4 21. Bc3
Bc6 22. Ne1 a6 23. g3 Nh3+ 24. Kf1 Ne5 25. b5 axb5 26. cxb5 Bxb5+ 27. Kg2 g5
28. Ba4 Bxa4 29. Rxa4 g4 30. Rc1 O-O 31. Bd4 h5 32. f3 b5 33. Rb4 Rxa5 34. Bxe5
Bxe5 35. fxg4 Ng5 36. h4 Nh7 37. gxh5 Nf6 38. Rc5 Nd5 39. Rb3 Ra2+ 40. Kh3 1-0

[Event "PRVA LIGA CENTRALNE SRBIJE 2015"]
[Site "Kragujevac"]
[Date "2015.09.05"]
[Round "1.2"]
[White "Vulicevic, Novica"]
[Black "Cvetanovic, Uros"]
[Result "0-1"]
[WhiteElo "2156"]
[BlackElo "2230"]
[PlyCount "58"]
[EventDate "2015.09.05"]

1. Nf3 Nf6 2. g3 d6 3. d4 Nbd7 4. Bg2 e5 5. dxe5 dxe5 6. O-O Bc5 7. Nc3 h6 8.
Nd2 O-O 9. Nb3 Be7 10. Na5 c6 11. Nc4 Qc7 12. Bd2 Rd8 13. Qc1 b5 14. Ne3 Nb6
15. Nxb5 cxb5 16. Bxa8 Nxa8 17. c4 bxc4 18. Nxc4 Bh3 19. Rd1 Qb7 20. f3 e4 21.
Be3 exf3 22. Rxd8+ Bxd8 23. exf3 Qxf3 24. Qd2 Ne4 25. Qc2 Nb6 26. Bxb6 Bxb6+
27. Nxb6 Qe3+ 28. Kh1 Nd2 29. Qc6 Bg4 0-1

[Event "PRVA LIGA CENTRALNE SRBIJE 2015"]
[Site "Kragujevac"]
[Date "2015.09.05"]
[Round "1.3"]
[White "Kuzubov, Yuriy"]
[Black "Dimitrijevic, Srdjan"]
[Result "1-0"]
[WhiteElo "2636"]
[BlackElo "2258"]
[PlyCount "103"]
[EventDate "2015.09.05"]

1. d4 d5 2. c4 c6 3. Nf3 Nf6 4. Nc3 a6 5. b3 Bf5 6. Nh4 e6 7. Nxf5 exf5 8. a3
Ne4 9. Qc2 g6 10. Nxe4 fxe4 11. Bf4 Bg7 12. e3 g5 13. Bg3 O-O 14. h4 g4 15. f3
f5 16. Bf4 Nd7 17. Be2 h5 18. fxe4 fxe4 19. g3 Rc8 20. b4 Kh7 21. Rc1 Bh6 22.
O-O Bxf4 23. exf4 b5 24. cxd5 cxd5 25. Qb3 Nb6 26. Rc5 Qf6 27. Qe3 Qe6 28. Rfc1
Qd7 29. Bd1 Nc4 30. Qc3 Rfe8 31. Bb3 Rxc5 32. bxc5 Kg6 33. a4 Kf5 34. axb5 axb5
35. Ra1 Qb7 36. Rb1 b4 37. Qe1 Qg7 38. Qf2 Na3 39. Rd1 Qb7 40. Qa2 Rd8 41. Kg2
Nb5 42. Qa5 Nc7 43. Rd2 Rb8 44. Rc2 Qc6 45. Kf2 e3+ 46. Kg2 Rb5 47. Qa1 Qe6 48.
Re2 Qe4+ 49. Kh2 Qf3 50. Qe1 Ne6 51. Rxe3 Nxd4 52. Qb1+ 1-0

[Event "PRVA LIGA CENTRALNE SRBIJE 2015"]
[Site "Kragujevac"]
[Date "2015.09.05"]
[Round "1.3"]
[White "Dinev, Dejan"]
[Black "Milanovic, Danilo"]
[Result "0-1"]
[WhiteElo "2299"]
[BlackElo "2462"]
[PlyCount "82"]
[EventDate "2015.09.05"]

1. Nf3 Nf6 2. g3 d5 3. Bg2 c6 4. O-O Bf5 5. d4 e6 6. Nc3 h6 7. Nd2 Be7 8. e4
Bh7 9. e5 Nfd7 10. f4 O-O 11. Nb3 a5 12. a4 Na6 13. Bh3 Qb6 14. Kh1 Nb4 15. Rf2
Nxc2 16. Rxc2 Qxb3 17. f5 exf5 18. Bf4 Rfd8 19. Rac1 Nf8 20. Qd3 Qc4 21. Qd1
Ne6 22. Rd2 Qb4 23. Rd3 Rac8 24. Ne2 c5 25. Bd2 Qb6 26. Rb3 Qa7 27. g4 fxg4 28.
Bg2 cxd4 29. Rb5 Rxc1 30. Nxc1 d3 31. Bxa5 Rd7 32. Bb6 Qb8 33. Nxd3 Be4 34. Kg1
Qc8 35. Rb3 Bxg2 36. Kxg2 Qc4 37. Nf2 Nf4+ 38. Kg3 h5 39. Be3 Ne2+ 40. Kg2 d4
41. Bd2 d3 0-1

[Event "PRVA LIGA CENTRALNE SRBIJE 2015"]
[Site "Kragujevac"]
[Date "2015.09.05"]
[Round "1.3"]
[White "Savic, Miodrag R"]
[Black "Krstic, Ranko"]
[Result "1-0"]
[WhiteElo "2503"]
[BlackElo "2217"]
[PlyCount "119"]
[EventDate "2015.09.05"]

1. e4 d6 2. d4 g6 3. Nf3 Nf6 4. Bd3 Bg7 5. O-O O-O 6. h3 a6 7. Re1 c5 8. c3 Nc6
9. Nbd2 e5 10. d5 Ne7 11. a4 a5 12. Nc4 b6 13. b4 axb4 14. cxb4 b5 15. Na3 c4
16. Bc2 Bd7 17. axb5 Bxb5 18. Bd2 Qb6 19. Qe2 Rfc8 20. Nxb5 Qxb5 21. Bc3 Nh5
22. g3 Rxa1 23. Rxa1 Qd7 24. Kh2 h6 25. Nh4 Bf6 26. Ng2 Bg7 27. Ne3 Qc7 28. Ra6
Nf6 29. Qd1 Rb8 30. Qa1 Nd7 31. Ra7 Rb7 32. Rxb7 Qxb7 33. Nxc4 Qc7 34. Bd3 f5
35. f3 Nf6 36. Qa5 Qc8 37. Qa7 fxe4 38. fxe4 Bf8 39. Qe3 Qc7 40. Bd2 g5 41. Qf3
Kg7 42. Qe2 Nc8 43. Ne3 Ne7 44. Nc4 Nc8 45. Kg2 Qb7 46. Qf2 Be7 47. Ne3 Bd8 48.
h4 Ne7 49. hxg5 hxg5 50. Nf5+ Nxf5 51. Qxf5 Nh7 52. Kf1 Qa7 53. Ke2 Be7 54. b5
Bf6 55. Qc8 Qg1 56. Qd7+ Kh6 57. Qh3+ Kg7 58. Be3 Qa1 59. Qd7+ Kh6 60. Qxd6 1-0

[Event "PRVA LIGA CENTRALNE SRBIJE 2015"]
[Site "Kragujevac"]
[Date "2015.09.05"]
[Round "1.3"]
[White "Stankovic, Ivan G"]
[Black "Arsovic, Zoran"]
[Result "0-1"]
[WhiteElo "2206"]
[BlackElo "2421"]
[PlyCount "88"]
[EventDate "2015.09.05"]

1. e4 c5 2. c4 Nc6 3. Nc3 g6 4. g3 Bg7 5. Bg2 Nf6 6. Nge2 O-O 7. d3 d6 8. O-O
a6 9. Rb1 Bg4 10. f3 Be6 11. a4 Ne8 12. Be3 Nc7 13. b3 Bd7 14. d4 b6 15. Qd2 e5
16. dxc5 dxc5 17. Bg5 f6 18. Be3 Rb8 19. Rfd1 Nd4 20. b4 Qe7 21. bxc5 bxc5 22.
a5 Qd6 23. Rb2 Be6 24. Nd5 Nxd5 25. cxd5 Rxb2 26. Qxb2 Rb8 27. Qa2 Bd7 28. Nc3
Rb4 29. Rb1 Qb8 30. Kf2 Bf8 31. Bf1 Qb7 32. Bc4 Bd6 33. Rxb4 Qxb4 34. Ne2 Bb5
35. Bxb5 Qxb5 36. f4 Qd3 37. fxe5 fxe5 38. Bxd4 exd4 39. Qa4 Qe3+ 40. Kf1 Qf3+
41. Kg1 Qxe4 42. Qd7 d3 43. Qxd6 dxe2 44. Qd8+ Kf7 0-1

[Event "PRVA LIGA CENTRALNE SRBIJE 2015"]
[Site "Kragujevac"]
[Date "2015.09.05"]
[Round "1.3"]
[White "Kostic, Vladimir G"]
[Black "Jovic, Stanoje"]
[Result "1-0"]
[WhiteElo "2367"]
[BlackElo "2290"]
[PlyCount "53"]
[EventDate "2015.09.05"]

1. Nf3 Nf6 2. d4 e6 3. c3 b6 4. Bg5 Bb7 5. Nbd2 Be7 6. e3 Ne4 7. Bxe7 Qxe7 8.
Nxe4 Bxe4 9. a4 a5 10. Nd2 Bb7 11. Qg4 O-O 12. Be2 f5 13. Qg3 d6 14. O-O Nd7
15. Bf3 Bxf3 16. Qxf3 Rae8 17. Qc6 Nf6 18. b4 e5 19. bxa5 bxa5 20. Rab1 g5 21.
Rb7 Rf7 22. Rb5 g4 23. dxe5 dxe5 24. Nc4 Nd7 25. Qxc7 Rg7 26. Rd1 Qf8 27. Rxd7
1-0

[Event "PRVA LIGA CENTRALNE SRBIJE 2015"]
[Site "Kragujevac"]
[Date "2015.09.05"]
[Round "1.3"]
[White "Milosevic, Zoran"]
[Black "Bozic, Milan"]
[Result "0-1"]
[WhiteElo "2238"]
[BlackElo "2438"]
[PlyCount "152"]
[EventDate "2015.09.05"]

1. d4 d6 2. c4 e5 3. g3 exd4 4. Qxd4 Be6 5. Nd2 Nc6 6. Qc3 Nf6 7. Ngf3 d5 8. a3
Qd7 9. Bg2 Bh3 10. O-O Bxg2 11. Kxg2 O-O-O 12. b4 dxc4 13. Qxc4 h5 14. h4 Nd5
15. Bb2 f6 16. Rfd1 Nb6 17. Qc2 Qe6 18. e3 a6 19. Rac1 Rd7 20. Nd4 Nxd4 21.
Bxd4 Be7 22. Qe4 Qxe4+ 23. Nxe4 Na4 24. Rc4 Nb2 25. Rdc1 Nxc4 26. Rxc4 Rhd8 27.
Kf3 b5 28. Rc1 Kb7 29. Nc5+ Bxc5 30. Rxc5 Rd5 31. Rc1 g5 32. Rh1 g4+ 33. Ke4 c6
34. Rf1 Re8+ 35. Kf4 a5 36. f3 f5 37. Rb1 gxf3 38. Kxf3 Re4 39. Rd1 Re8 40. Rb1
Ra8 41. Kf4 Kc7 42. Kg5 Kd7 43. Rc1 axb4 44. axb4 Rg8+ 45. Kf4 Rg4+ 46. Kf3 Rd6
47. Rc5 Rd5 48. Rc2 Kc7 49. Rc1 Kd6 50. Bc5+ Kd7 51. Bd4 Rdxd4 52. exd4 Rxd4
53. Rc5 Rd5 54. Rc3 Rd4 55. Rc5 Rxb4 56. Rxf5 Rb1 57. Rxh5 b4 58. Rh7+ Kc8 59.
Ke2 Rg1 60. Kd2 Rg2+ 61. Kc1 Rxg3 62. h5 Rg2 63. h6 Rh2 64. Kb1 c5 65. Ra7 Rxh6
66. Kb2 Rh3 67. Kc2 Kb8 68. Rg7 c4 69. Kb2 Rh2+ 70. Kb1 b3 71. Rg4 Rc2 72. Rg7
Kc8 73. Rh7 Kd8 74. Rb7 Rd2 75. Rb4 Rd4 76. Kb2 c3+ 0-1

[Event "PRVA LIGA CENTRALNE SRBIJE 2015"]
[Site "Kragujevac"]
[Date "2015.09.05"]
[Round "1.4"]
[White "Milanovic, Slavisa"]
[Black "Milosavljevic, Ivan"]
[Result "1/2-1/2"]
[WhiteElo "2381"]
[BlackElo "2087"]
[PlyCount "78"]
[EventDate "2015.09.05"]

1. c4 d6 2. Nc3 Nf6 3. Nf3 g6 4. d4 Bg7 5. e4 O-O 6. h3 c5 7. d5 Nbd7 8. Be3
Ne8 9. Be2 Ne5 10. Nd2 f5 11. f4 Nf7 12. O-O Bd7 13. Bd3 Nh6 14. e5 Nc7 15. e6
Be8 16. a4 b6 17. g4 Kh8 18. g5 Ng8 19. Nf3 a6 20. Qc2 Qb8 21. Rab1 a5 22. Ne2
Na6 23. Bd2 Nb4 24. Qb3 Bxa4 25. Qxa4 Nxd3 26. Bc3 Nb4 27. Qb3 h5 28. gxh6 Nxh6
29. Bxg7+ Kxg7 30. Qc3+ Rf6 31. Rf2 b5 32. b3 a4 33. bxa4 Rxa4 34. Rg2 bxc4 35.
Nh4 Kh7 36. Kh2 Qa8 37. Nxg6 Ra3 38. Nf8+ Kh8 39. Ng6+ Kh7 1/2-1/2

[Event "PRVA LIGA CENTRALNE SRBIJE 2015"]
[Site "Kragujevac"]
[Date "2015.09.05"]
[Round "1.4"]
[White "Djukic, Nebojsa"]
[Black "Jovanovic, Dusan D"]
[Result "1-0"]
[WhiteElo "2174"]
[BlackElo "2381"]
[PlyCount "91"]
[EventDate "2015.09.05"]

1. e4 e6 2. d4 d5 3. Nd2 Nf6 4. e5 Ng8 5. f4 Ne7 6. Bd3 b6 7. Ne2 h5 8. Nf3 Ba6
9. Be3 Qd7 10. c3 Bxd3 11. Qxd3 Nbc6 12. O-O Nf5 13. g3 Na5 14. Kg2 Nc4 15. Bc1
Be7 16. b3 Na5 17. h3 c5 18. g4 hxg4 19. hxg4 Nh4+ 20. Kg3 c4 21. Qc2 Nxf3 22.
Rxf3 cxb3 23. axb3 g6 24. Bd2 Rc8 25. c4 Nc6 26. Qd3 Bb4 27. Bxb4 Nxb4 28. Qd2
a5 29. Rc1 Qd8 30. Kg2 Qh4 31. Rg3 dxc4 32. bxc4 Rd8 33. Qe3 Nc2 34. Qe4 Qh2+
35. Kf3 Nb4 36. Rd1 Rh3 37. Rxh3 Qxh3+ 38. Ng3 Qh6 39. Rh1 Qf8 40. f5 Rb8 41.
fxe6 fxe6+ 42. Kg2 Qg7 43. Ne2 Rc8 44. Nf4 Kd7 45. Qb7+ Rc7 46. Qxc7+ 1-0

[Event "PRVA LIGA CENTRALNE SRBIJE 2015"]
[Site "Kragujevac"]
[Date "2015.09.05"]
[Round "1.4"]
[White "Lapcevic, Milos"]
[Black "Mladenovic, Stefan"]
[Result "1/2-1/2"]
[WhiteElo "2376"]
[BlackElo "2326"]
[PlyCount "39"]
[EventDate "2015.09.05"]

1. d4 Nf6 2. c4 e6 3. Nf3 b6 4. Nc3 Bb4 5. Bg5 Bb7 6. Nd2 h6 7. Bh4 Bxc3 8.
bxc3 g5 9. Bg3 d6 10. f3 Nbd7 11. e4 e5 12. Bd3 Qe7 13. Nf1 Nh5 14. Ne3 Qf6 15.
Bf2 Nf4 16. O-O O-O-O 17. Bc2 h5 18. Nd5 Bxd5 19. cxd5 g4 20. Ba4 1/2-1/2

[Event "PRVA LIGA CENTRALNE SRBIJE 2015"]
[Site "Kragujevac"]
[Date "2015.09.05"]
[Round "1.4"]
[White "Livaja, Mario"]
[Black "Blesic, Vaso"]
[Result "0-1"]
[WhiteElo "2246"]
[BlackElo "2365"]
[PlyCount "78"]
[EventDate "2015.09.05"]

1. d4 Nf6 2. c4 e6 3. Nc3 Bb4 4. e3 b6 5. Bd3 Bb7 6. Nf3 Ne4 7. Qc2 f5 8. O-O
Nxc3 9. bxc3 Bxf3 10. cxb4 Qg5 11. g3 Nc6 12. a3 Qg4 13. Re1 h5 14. Bb2 h4 15.
d5 Ne7 16. dxe6 dxe6 17. Be5 O-O-O 18. Bf1 Nc6 19. Bc3 Rh7 20. b5 Ne7 21. c5
Rdh8 22. cxb6 axb6 23. Be5 Nd5 24. Ra2 hxg3 25. fxg3 Rxh2 26. Qxh2 Rxh2 27.
Rxh2 f4 28. Rh3 fxe3 29. Kh2 e2 30. Rh8+ Kb7 31. Bh3 Qg5 32. Bd4 Ne3 33. Rf8
Nc2 34. Rxf3 Nxe1 35. Rf8 Nf3+ 36. Rxf3 e1=Q 37. Bf2 Qd1 38. Rf8 Qgh5 39. a4
Qdg4 0-1

[Event "PRVA LIGA CENTRALNE SRBIJE 2015"]
[Site "Kragujevac"]
[Date "2015.09.05"]
[Round "1.4"]
[White "Dragicevic, Dragan"]
[Black "Todorovic, Nenad I"]
[Result "1/2-1/2"]
[WhiteElo "2214"]
[BlackElo "2197"]
[PlyCount "60"]
[EventDate "2015.09.05"]

1. d4 Nf6 2. c4 e6 3. Nc3 Bb4 4. Qc2 O-O 5. Nf3 c5 6. a3 Bxc3+ 7. bxc3 d6 8.
Bg5 Nbd7 9. e3 Re8 10. Be2 e5 11. O-O Nf8 12. Rfd1 Qe7 13. dxe5 dxe5 14. Nd2 h6
15. Bxf6 Qxf6 16. e4 Ne6 17. Nf1 Nf4 18. Ne3 Qg6 19. Bf1 Nh3+ 20. Kh1 Qxe4 21.
Bd3 Qc6 22. Nd5 Nf4 23. Be4 Nxd5 24. Rxd5 Qc7 25. Re1 Bd7 26. f3 Bc6 27. Rxc5
Qd6 28. Bxc6 Qxc5 29. Bxe8 Rxe8 30. Qa4 Rc8 1/2-1/2

[Event "PRVA LIGA CENTRALNE SRBIJE 2015"]
[Site "Kragujevac"]
[Date "2015.09.05"]
[Round "1.4"]
[White "Grkovic, Vladan"]
[Black "Vilimonovic, Bozidar"]
[Result "1/2-1/2"]
[WhiteElo "2167"]
[BlackElo "2202"]
[PlyCount "90"]
[EventDate "2015.09.05"]

1. d4 Nf6 2. Nf3 e6 3. Bg5 Be7 4. e3 b6 5. Bd3 Bb7 6. O-O Ne4 7. Bxe7 Qxe7 8.
Nbd2 f5 9. c4 O-O 10. Qc2 Nxd2 11. Nxd2 d6 12. b4 Nd7 13. a4 Qg5 14. d5 e5 15.
f4 exf4 16. exf4 Qf6 17. Nb3 Rae8 18. Rae1 g6 19. a5 c6 20. dxc6 Bxc6 21. Qd2
Ba4 22. Bc2 bxa5 23. Rxe8 Rxe8 24. Nxa5 Bxc2 25. Qxc2 Qd4+ 26. Qf2 Re3 27. Nc6
Qc3 28. Nxa7 Nf6 29. Nb5 Qd3 30. Qa2 Re2 31. Qa8+ Re8 32. Qf3 Qxc4 33. Qc3 Qxb5
34. Qxf6 Qxb4 35. h3 Re1 36. Qd8+ Kg7 37. Qc7+ Kh6 38. Rxe1 Qxe1+ 39. Kh2 Qd2
40. Qc4 d5 41. Qc7 Qe3 42. Qd6 d4 43. Qf8+ Kh5 44. g4+ fxg4 45. Qc5+ Kh6
1/2-1/2

[Event "PRVA LIGA CENTRALNE SRBIJE 2015"]
[Site "Kragujevac"]
[Date "2015.09.05"]
[Round "1.5"]
[White "Pikula, Dejan"]
[Black "Stankovic, Milos"]
[Result "1/2-1/2"]
[WhiteElo "2472"]
[BlackElo "2429"]
[PlyCount "56"]
[EventDate "2015.09.05"]

1. e4 e6 2. d4 d5 3. Nc3 Nf6 4. e5 Nfd7 5. f4 c5 6. Nf3 Nc6 7. Be3 cxd4 8. Nxd4
Bc5 9. Qd2 Nxd4 10. Bxd4 Bxd4 11. Qxd4 Qb6 12. Qxb6 Nxb6 13. Nb5 Ke7 14. Kd2
Bd7 15. Nd4 Na4 16. Rb1 h5 17. Bd3 g6 18. b3 Nc5 19. Rbe1 Rag8 20. h4 Rb8 21.
a4 a5 22. Rh3 Rbc8 23. Rg1 Rh6 24. Re3 Rhh8 25. Ra1 Ra8 26. Rg3 Rac8 27. Re3
Ra8 28. Rg3 Rac8 1/2-1/2

[Event "PRVA LIGA CENTRALNE SRBIJE 2015"]
[Site "Kragujevac"]
[Date "2015.09.05"]
[Round "1.5"]
[White "Nestorovic, Dejan"]
[Black "Brkljaca, Ante"]
[Result "1/2-1/2"]
[WhiteElo "2402"]
[BlackElo "2321"]
[PlyCount "32"]
[EventDate "2015.09.05"]

1. d4 Nf6 2. c4 e6 3. Nc3 Bb4 4. e3 O-O 5. Nge2 d5 6. a3 Be7 7. Ng3 c5 8. dxc5
Bxc5 9. b4 Be7 10. Bb2 Nc6 11. Be2 dxc4 12. Bxc4 a6 13. Qc2 b5 14. Ba2 Bb7 15.
O-O Rc8 16. Rac1 a5 1/2-1/2